| 000 | 01230cam a22003495a 4500 | ||
|---|---|---|---|
| 003 | EG-ScBUE | ||
| 005 | 20221128094244.0 | ||
| 008 | 100517r20112006enka f d 000 0 eng d | ||
| 020 | _a0194569756 | ||
| 020 | _a9780194569750 | ||
| 020 | _a9780194569835 | ||
| 040 |
_aEG-ScBUE _beng _erda _cEG-ScBUE _dEG-ScBUE |
||
| 082 | 0 | 4 |
_a428.34 _bHOB _222 |
| 100 | 1 |
_aHobbs, Martyn, _eauthor. _914029 |
|
| 245 | 1 |
_aCommerce : _bstudent's book / _cMartyn Hobbs, Julia Starr Keddle. |
|
| 250 | _aReprint edition. | ||
| 264 | 1 |
_aOxford : _bOxford University Press, _c2011. |
|
| 300 |
_a2 volumes : _billustrations ; _c26 cm. |
||
| 336 |
_2rdacontent _atext _btxt |
||
| 337 |
_2rdamedia _aunmediated _bn |
||
| 338 |
_2rdacarrier _avolume _bnc |
||
| 490 | 0 | _aOxford English for careers | |
| 500 | _aIncludes glossary. | ||
| 505 | 0 | _aVolume 1 -- Volume 2. | |
| 520 | _aCommerce teaches pre-work students to communicate in English, within the context of a career in commerce. | ||
| 650 | 7 |
_aEnglish language _vTextbooks for foreign speakers. _2BUEsh _914030 |
|
| 650 | 7 |
_aCommerce _xTerminology. _2BUEsh _914025 |
|
| 653 |
_bHHUUEENN _cJuly2019 |
||
| 655 | _vReading book | ||
| 700 | 1 |
_aKeddle, Julia Starr, _eauthor. _914031 |
|
| 942 |
_cBB _2ddc |
||
| 999 |
_c9779 _d9779 |
||